Biblioteca "Ernesto Sabato"
Facultad de Derecho y Ciencias Sociales
Facultad de Lenguas
Universidad Nacional del Comahue

Del pedernal al silicio (Record no. 13476)

MARC details
000 -CABECERA
campo de control de longitud fija 00641caa a22001572a 4500
001 - NÚMERO DE CONTROL
campo de control 007662
003 - IDENTIFICADOR DEL NÚMERO DE CONTROL
campo de control AR-FADEU
008 - DATOS DE LONGITUD FIJA--INFORMACIÓN GENERAL
campo de control de longitud fija 311216n########xxu####################dd
092 ## - ASIGNACIÓN LOCAL DE SIGNATURA TOPOGRÁFICA DEWEY (OCLC)
Número de clasificación 302.230 8
Número de documento/Ítem G512-2
100 ## - ENTRADA PRINCIPAL--NOMBRE DE PERSONA
Nombre de persona Giovannini, Giovanni
245 ## - MENCIÓN DE TÍTULO
Título Del pedernal al silicio
300 ## - DESCRIPCIÓN FÍSICA
Extensión PP. 9-20
500 ## - NOTA GENERAL
Nota general En: Del pedernal al silicio : historia de los medios de comunicación masiva / Giovanni Giovannini. Buenos Aires : Eudeba, 1992
773 0# - ENLACE AL DOCUMENTO FUENTE/ENTRADA DE REGISTRO ANFITRIÓN
Número bibliográfico anfitrión 13470
Número de ítem anfitrión 12416
Encabezamiento principal Giovannini, Giovanni
Edición 2a. ed
Lugar, editor y fecha de publicación Buenos Aires
Otro identificador del documento 14006
Título Del pedernal al silicio : historia de los medios de comunicación
Número de control del registro ( AR-FADEU) 007656
Número Internacional Normalizado para Publicaciones Seriadas
Número Internacional Estándar del Libro 950-23-0348-2
942 ## - ELEMENTOS DE PUNTO DE ACCESO ADICIONAL (KOHA)
Tipo de ítem Koha BDGR

No items available.

Facultad de Derecho y Ciencias Sociales | Universidad Nacional del Comahue | Mendoza y Perú General Roca | Río Negro CP (8332) | Patagonia Argentina | Teléfono: 54-0298-4433670 | | Fax: 0298-4432093 | Fax alumnos: 0298-4435700